Análisis de alternativas y diseño preliminar de una planta de tratamiento para las aguas negras de Hatillo
Kaydedildi:
| Yazar: | |
|---|---|
| Materyal Türü: | Kitap |
| Baskı/Yayın Bilgisi: |
[San José , Costa Rica]
1982
|
| Konular: | |
| Etiketler: |
Etiketle
Etiket eklenmemiş, İlk siz ekleyin!
|
MARC
| LEADER | 00000nam a2200000Ia 4500 | ||
|---|---|---|---|
| 003 | 002028 | ||
| 005 | 20221231144421.0 | ||
| 008 | 140114s1983 cr a m 000 ||s d | ||
| 040 | |c cru CEDI | ||
| 090 | |a TFG 1278 | ||
| 100 | |a Borges Quesada, William |9 15398 | ||
| 245 | |a Análisis de alternativas y diseño preliminar de una planta de tratamiento para las aguas negras de Hatillo | ||
| 260 | |c 1982 |a [San José , Costa Rica] | ||
| 300 | |a iiii [sic], [187] hojas : ilustraciones ; 27 cm | ||
| 500 | |a Proyecto de graduación (ingeniero civil)--Universidad de Costa Rica. Facultad de Ingeniería. Escuela de Ingeniería Civil | ||
| 650 | |x AGUAS RESIDUALES |x INGENIERÍA SANITARIA |9 15399 | ||
| 942 | |c TFG | ||
| 999 | |c 21570 |d 21570 | ||
